Crofting Reform (Scotland) Bill (Record no. 110312)

MARC details
000 -LEADER
fixed length control field 01371cad a22002535a 4500
001 - CONTROL NUMBER
control field E148980
008 - FIXED-LENGTH DATA ELEMENTS--GENERAL INFORMATION
fixed length control field 091210s2009 xxk f s000 0 eng d
020 ## - INTERNATIONAL STANDARD BOOK NUMBER
International Standard Book Number 9781406159073
035 ## - SYSTEM CONTROL NUMBER
System control number (Sirsi) u148980
041 0# - LANGUAGE CODE
Language code of text/sound track or separate title eng
050 04 - LIBRARY OF CONGRESS CALL NUMBER
Classification number 630.0269411 $2 18
110 2# - MAIN ENTRY--CORPORATE NAME
Corporate name or jurisdiction name as entry element Scotland
Subordinate unit Scottish Government
9 (RLIN) 5344
245 00 - TITLE STATEMENT
Title Crofting Reform (Scotland) Bill
Remainder of title (as introduced)
Medium [electronic resource]
260 ## - PUBLICATION, DISTRIBUTION, ETC.
Place of publication, distribution, etc. [Edinburgh]
Name of publisher, distributor, etc. Scottish Parliamentary Corporate Body
Date of publication, distribution, etc. 2009
490 #0 - SERIES STATEMENT
Series statement SP Bill
Volume/sequential designation (35)
520 ## - SUMMARY, ETC.
Summary, etc. A Bill introduced on 9 December 2009, which changes and renames the Crofters Commission and establishes a new map-based Crofting Register. The Bill also sets out duties of "owner-occupier crofters" and tenant crofters in relation to residency, misuse and neglect of crofts. It also amends provisions in the Crofters (Scotland) Act 1993 on decrofting, resumption, re-letting of vacant crofts and on obtaining consents, and makes various other amendments to crofting law.
521 ## - TARGET AUDIENCE NOTE
Target audience note Advanced
590 ## - LOCAL NOTE (RLIN)
Local note KA
650 24 - SUBJECT ADDED ENTRY--TOPICAL TERM
Topical term or geographic name entry element CROFTING REFORM (SCOTLAND) BILL
651 #4 - SUBJECT ADDED ENTRY--GEOGRAPHIC NAME
Geographic name Scotland
Chronological subdivision 1999-
690 ## - LOCAL SUBJECT ADDED ENTRY--TOPICAL TERM (OCLC, RLIN)
Topical term or geographic name as entry element ENVIRONMENTAL AND LAND CONSULTANCY-AGRIBUSINESS-AGRICULTURE
856 40 - ELECTRONIC LOCATION AND ACCESS
Uniform Resource Identifier <a href="https://www.scottish.parliament.uk/S3_Bills/Crofting%20Reform%20(Scotland)%20Bill/b35s3-introd.pdf">https://www.scottish.parliament.uk/S3_Bills/Crofting%20Reform%20(Scotland)%20Bill/b35s3-introd.pdf</a>
Public note View the Bill free of charge at www.scottish.parliament.uk...
942 ## - ADDED ENTRY ELEMENTS (KOHA)
Suppress in OPAC 0
Holdings
Withdrawn status Lost status Source of classification or shelving scheme Damaged status Not for loan Home library Current library Shelving location Date acquired Total Checkouts Full call number Barcode Date last seen Copy number Price effective from Koha item type
    Dewey Decimal Classification     Virtual Virtual Online 10/12/2009   ONLINE PUBLICATION 148980-2001 06/08/2019 1 06/08/2019 Book